000
00269nam a2200109Ia 4500
008
190216s9999||||xx |||||||||||||| ||und||
100
_a
Dr.Seetharaman V
245
2
_a
A Text Book Of Algebra
260
_b
National Publishing House
650
_a
Mathematics
942
_c
BK
999
_c
30559
_d
30559